HBR's 10 must reads on strategy

This book introduce distinguish your company from rivals. Clarify what your company will and won't do. Craft a vision for an uncertain future. Create blue oceans of uncontested market space. Use the Balanced Scorecard to measure your strategy. Capture your strategy in a memorable phrase. Clarif...

Descrición completa

Gardado en:
Detalles Bibliográficos
Formato: Libro
Idioma:Undetermined
Publicado: Boston, Mass. Harvard Business Review Press 2011
Những chủ đề:
Các nhãn: Engadir etiqueta
Sen Etiquetas, Sexa o primeiro en etiquetar este rexistro!
Thư viện lưu trữ: Trung tâm Học liệu Trường Đại học Cần Thơ
LEADER 00827nam a2200169Ia 4500
001 CTU_231225
008 210402s9999 xx 000 0 und d
082 |a 658.4012 
082 |b H339 
245 0 |a HBR's 10 must reads on strategy 
260 |a Boston, Mass. 
260 |b Harvard Business Review Press 
260 |c 2011 
520 |a This book introduce distinguish your company from rivals. Clarify what your company will and won't do. Craft a vision for an uncertain future. Create blue oceans of uncontested market space. Use the Balanced Scorecard to measure your strategy. Capture your strategy in a memorable phrase. Clarify decision rights for faster decision making. 
650 |a Kế hoạch chiến lược,Strategic planning 
910 |b dqhieu 
980 |a Trung tâm Học liệu Trường Đại học Cần Thơ